Statistics for Cities with Universal Studios

Click here to take the quiz!

General Stats

  • This quiz has been taken 31 times
  • The average score is 4 of 5

Answer Stats

Answer% Correct
Los Angeles
96%
Orlando
92%
Singapore
81%
Beijing
65%
Osaka
54%

Score Distribution

Percentile by Number Answered

Percent of People with Each Score

Your Score History

You have not taken this quiz